000 00567cam a2200169 4500500
005 20260111080442.0
041 _afre
042 _adc
100 1 0 _aViessant, Céline
_eauthor
245 0 0 _aPrésentation du séminaire
260 _c2020.
500 _a3
690 _abudget de l’union européenne
690 _acadre financier pluriannuel
786 0 _nGestion & Finances Publiques | 4 | 4 | 2020-09-21 | p. 60-62 | 1969-1009
856 4 1 _uhttps://droit.cairn.info/revue-gestion-et-finances-publiques-2020-4-page-60?lang=fr&redirect-ssocas=7080
999 _c1616322
_d1616322